000 01267nam a2200241Ia 4500
999 _c38277
_d38277
001 4285
003 GE_BSU
005 20191009161210.0
008 181216s||||||||xx |||||||||||||| ||geo||
040 _cGE_BSU
041 _ageo
080 _a316.2(1- 662) ა–29
100 _aავალიანი, ნანა
_997
245 _a''დასავლეთ ცივილიზაციის" ბურჟუაზიული კონცეფციის კრიტიკა /
_cნანა ავალიანი; რედ. ედ. მენაბდე, ი. ტაბაღუა.
264 _aთბილისი :
_bმეცნიერება,
_c1982.
300 _a110 გვ ;
_c21სმ.
520 _a რეზ. რუს.
653 _aბურჟუაზიული სოციოლოგია;
700 _aმენაბდე,ედ.
_eრედაქტორი
_9318
700 _a ტაბაღუა, ი.
_eრედაქტორი
_9319
711 _eსაქ. სსრ. მეცნ. აკად. ივ. ჯავახიშვილის სახ. ისტორიის, არქეოლოგიისა და ეთნოგრაფიის ინ-ტი.
_9320
942 _cBK
_2udc